000 00507cam a2200193ua 4500
020 _c46.00
041 _aeng
_h
082 _a544
_bMCA/FU
100 _aMcalpine, Roy K .
245 _aFundamentals of qualitative chemical analysis: Semi micro method /
_cRoy K Mcalpine.
_hTextual Documents
250 _a4 /
_b.
260 _aToronto :
_bD Van nostrand co ,
_c1966.
300 _a342 ; .
365 _a46.00
504 _a
700 1 _aSoul, Byron A.
942 _cBK
999 _c9319
_d9319